00474nam a2200145Ia 4500008004100000041000800041082001500049100001300064245003500077260003300112300003100145365001100176999001500187952012600202240624s9999 xx 000 0 und d aeng a658.87 SUR aSURESH K aRETAILING CONCEPTS AND CASES I c2004aHyderabadbICFAI press axiv, , 190 , 23 : p. : cm. cRSb50 c6669d6669 00104070aIMTNbIMTNcRack 36-Bd2007-10-03eICFAIg350.00n2o658.87 SURp6669r2024-06-24 00:00:00t1w2024-06-24yBK